01206nam a2200325 a 4500001001200000003000800012006001900020007001500039008004100054010001700095015001500112020001800127020001800145040002100163035002100184043001200205050002200217082001200239100001800251245007600269260005800345300001500403504006600418533015200484650005500636655002900691710001700720856012600737999001700863ebr10231230CaPaEBRm u cr cn|||||||||721027s1966 mnu sb 001 0 eng d z 66018867  aGB67-10757 z9780816603923 z9780816661985 aCaPaEBRcCaPaEBR a(OCoLC)233576219 an-us-ga14aF291b.C66 1966eb04a975.8041 aConway, Alan.14aThe reconstruction of Georgiah[electronic resource] /cby Alan Conway. aMinneapolis :bUniversity of Minnesota Press,c[1966] avi, 248 p. aIncludes bibliographical references (p. [233]-237) and index. aElectronic reproduction.bPalo Alto, Calif. :cebrary,d2013.nAvailable via World Wide Web.nAccess may be limited to ebrary affiliated libraries. 0aReconstruction (U.S. history, 1865-1877)zGeorgia. 7aElectronic books.2local2 aebrary, Inc.40uhttp://site.ebrary.com/lib/rucke/Doc?id=10231230zAn electronic book accessible through the World Wide Web; click to view c39619d39619